Dans quels départements sont les 100 plus grandes villes de France ? - Statistiques

Statistiques générales
  • Ce quiz a été pris 570 fois
  • Le résultat moyen est 57 sur 100
Statistiques - réponses
Hint Réponse % Correct
Paris Paris
95%
Marseille Bouches du Rhône
92%
Lyon Rhône
89%
Nice Alpes Maritimes
86%
Bordeaux
Gironde
85%
Lille Nord
84%
Montpellier Hérault
83%
Nantes Loire Atlantique
83%
Rennes Ille et Vilaine
81%
Brest Finistère
78%
Toulon Var
78%
Strasbourg Bas Rhin
77%
Dijon Côte d'Or
77%
Toulouse Haute Garonne
77%
Grenoble Isère
75%
Clermont Ferrand Puy de Dôme
74%
Saint Étienne Loire
73%
Villeurbanne Rhône
73%
Aix en Provence Bouches du Rhône
70%
Reims Marne
70%
Saint Denis (S) Seine Saint Denis
70%
Nîmes Gard
69%
Le Havre Seine Maritime
69%
Le Mans Sarthe
68%
Angers Maine et Loire
67%
Perpignan Pyrénées Orientales
67%
Amiens Somme
67%
Caen Calvados
66%
Ajaccio Corse du Sud
66%
Besançon Doubs
66%
Saint Denis (R) La Réunion
66%
Roubaix Nord
65%
Tours Indre et Loire
64%
Nouméa Nouvelle Calédonie
64%
La Rochelle Charente Maritime
63%
Tourcoing Nord
62%
Versailles Yvelines
62%
Orléans Loiret
61%
Rouen Seine Maritime
61%
Mulhouse Haut Rhin
60%
Fort de France Martinique
60%
Nancy Meurthe et Moselle
60%
Avignon Vaucluse
59%
Annecy Haute Savoie
58%
Cannes Alpes Maritimes
57%
Mamoudzou Mayotte
57%
Cayenne Guyane
56%
Saint Nazaire Loire Atlantique
56%
Quimper Finistère
55%
Dunkerque Nord
55%
Metz Moselle
54%
Pau Pyrénées Atlantiques
54%
Cherbourg en Cotentin Manche
53%
Boulogne Billancourt Hauts de Seine
52%
Saint Pierre La Réunion
52%
Calais Pas de Calais
52%
Valence Drôme
51%
Mérignac Gironde
51%
Limoges Haute Vienne
51%
Colmar Haut Rhin
51%
Nanterre Hauts de Seine
51%
Béziers Hérault
51%
Saint Paul La Réunion
50%
Vénissieux Rhône
50%
Poitiers Vienne
50%
Pessac Gironde
49%
Aubervilliers Seine Saint Denis
48%
Créteil Val de Marne
48%
Troyes Aube
47%
Villeneuve d'Ascq Nord
47%
Antibes Alpes Maritimes
46%
Levallois Perret Hauts de Seine
46%
Chambéry Savoie
46%
Aulnay sous Bois Seine Saint Denis
45%
Bourges Cher
44%
Niort Deux Sèvres
44%
Évry Courcouronnes Essonne
44%
Colombes Hauts de Seine
44%
Montreuil Seine Saint Denis
44%
Vitry sur Seine Val de Marne
44%
Cergy Val d'Oise
43%
Neuilly sur Seine Hauts de Seine
42%
Montauban Tarn et Garonne
42%
Courbevoie Hauts de Seine
41%
Drancy Seine Saint Denis
41%
Champigny sur Marne Val de Marne
41%
Asnières sur Seine Hauts de Seine
39%
Argenteuil Val d'Oise
38%
Rueil Malmaison Hauts de Seine
37%
Le Tampon La Réunion
37%
Issy les Moulineaux Hauts de Seine
36%
Pantin Seine Saint Denis
36%
Saint Maur des Fossés Val de Marne
35%
La Seyne sur Mer Var
35%
Le Blanc Mesnil Seine Saint Denis
34%
Ivry sur Seine Val de Marne
34%
Noisy le Grand Seine Saint Denis
32%
Antony Hauts de Seine
31%
Clichy Hauts de Seine
27%
Sarcelles Val d'Oise
23%
Aucun quiz correspondant
Distribution des résultats
% des personnes avec chaque résultat
Percentile par nombre de réponses
Votre historique - résultats
Vous n’avez pas pris ce quiz